| 000 | 00385nam a2200169Ia 4500 | ||
|---|---|---|---|
| 008 | 210210b1947 xxu||||| |||| 00| 0 eng d | ||
| 041 | _aeng | ||
| 082 | _a828/686 | ||
| 100 | _aWILLIAMSON (H R) | ||
| 245 | _aCharles and Cromwell | ||
| 260 |
_aLondon _bNot Mentioned _c1947 |
||
| 650 | _aCromwell | ||
| 650 | _aCharles | ||
| 650 | _aand | ||
| 690 | _aBiography | ||
| 906 | _a016532 | ||
| 999 |
_c136090 _d136090 |
||